วิทยาลัยพยาบาลบรมราชชนนี ยะลา
ระบบห้องสมุดอัตโนมัติ ULIBM BCNYALA - V.6
เปลี่ยนเป็นภาษาไทย

Change to English
 แสดงรายละเอียดบรรณานุกรม
  กลับหน้าหลัก

Brief Record : Get Marc (ISO 2709) : E-mail record : QR code ปิดหน้าต่าง
รัฐศาสตร์ 101 Review โดย
ใช้งานได้ทุกระบบ
ห้องสมุดวพบ.ยะลา
ใช้งานได้ทุกระบบ เมื่อ8/เมษายน/2569
สารบัญ

บทที่ 1 ว่าด้วยรัฐศาสตร์
บทที่ 2 รัฐและองค์ประกอบของรัฐ
บทที่ 3 อำนาจกับรูปแบบของรัฐบาลประชาธิปไตย
บทที่ 4 แนวคิดและอุดมการณ์ทางการเมือง
บทที่ 5 สถาบันการเมือง
บทที่ 6 การมีส่วนร่วมทางการเมือง
บทที่ 7การปกครองท้องถิ่น

E-books : เกี่ยวกับ Collections
LEADER 00000nam 2200000uu 4500
001    3833
003     ULIBM
008    260408s2568||||th 000 0 tha d
020    ^a9786166200416
050  4 ^aJA69^bส831ร
100 0  ^aสุพิชฌาย์ ปัญญา
245 10 ^aรัฐศาสตร์ 101=^bPolitical Science 101/^cสุพิชฌาย์ ปัญญา
246 00 ^aPolitical Science 101
250    ^aพิมพ์ครั้งที่ 1
260    ^aเชียงใหม่ :^bสำนักพิมพ์มหาวิทยาลัยเชียงใหม่ ,^c2568.
300    ^aXIV,231 หน้า:^bภาพประกอบ ;^c25 ซม.
650  7 ^aรัฐศาสตร์
999    ^aฮัซวานี
รายการนี้ยังไม่มีแท็ก
คุณยังไม่ได้ล็อกอิน คุณสามารถมีกิจกรรมร่วมกับเว็บไซต์ได้ แต่ต้องล็อกอินก่อน ::
  ล็อกอิน
ลำดับที่ ประเภท เลขเรียก สถานที่ สถานะ
1. หนังสือทั่วไป
หนังสือทั่วไป
JA69 ส831ร 2568 ฉ.1 
  
ห้องสมุดวพบ.ยะลา
►หนังสือทั่วไปภาษาไทย
On Shelf
2. หนังสือทั่วไป
หนังสือทั่วไป
JA69 ส831ร 2568 ฉ.2 
  
ห้องสมุดวพบ.ยะลา
►หนังสือทั่วไปภาษาไทย
On Shelf
3. หนังสือทั่วไป
หนังสือทั่วไป
JA69 ส831ร 2568 ฉ.3 
  
ห้องสมุดวพบ.ยะลา
►หนังสือทั่วไปภาษาไทย
On Shelf
4. หนังสือทั่วไป
หนังสือทั่วไป
JA69 ส831ร 2568 ฉ.4 
  
ห้องสมุดวพบ.ยะลา
►หนังสือทั่วไปภาษาไทย
On Shelf
5. หนังสือทั่วไป
หนังสือทั่วไป
JA69 ส831ร 2568 ฉ.5 
  
ห้องสมุดวพบ.ยะลา
►หนังสือทั่วไปภาษาไทย
On Shelf
   [แสดง 5/5 รายการ]

รายการใกล้เคียง
    หัวเรื่อง [รัฐศาสตร์]

BibComment


ยังไม่เคยถูกคอมเมนท์

คอมเมนท์ทรัพยากรรายการนี้
  คอมเมนท์: รัฐศาสตร์ 101 Po..
Bib 3833

 
 
 

 Union Library Management : ULibM

ดูหนังออนไลน์

Copyright 2026. All Rights Reserved.